<?xml version="1.0" encoding="UTF-8"?><?xml-stylesheet type="text/xsl" href="static/style.xsl"?><OAI-PMH xmlns="http://www.openarchives.org/OAI/2.0/" xmlns:xsi="http://www.w3.org/2001/XMLSchema-instance" xsi:schemaLocation="http://www.openarchives.org/OAI/2.0/ http://www.openarchives.org/OAI/2.0/OAI-PMH.xsd"><responseDate>2026-04-14T17:29:37Z</responseDate><request verb="GetRecord" identifier="oai:uvadoc.uva.es:10324/4155" metadataPrefix="marc">https://uvadoc.uva.es/oai/request</request><GetRecord><record><header><identifier>oai:uvadoc.uva.es:10324/4155</identifier><datestamp>2025-02-13T12:21:27Z</datestamp><setSpec>com_10324_30605</setSpec><setSpec>com_10324_894</setSpec><setSpec>col_10324_41</setSpec></header><metadata><record xmlns="http://www.loc.gov/MARC21/slim" xmlns:doc="http://www.lyncode.com/xoai" xmlns:xsi="http://www.w3.org/2001/XMLSchema-instance" xmlns:dcterms="http://purl.org/dc/terms/" xsi:schemaLocation="http://www.loc.gov/MARC21/slim http://www.loc.gov/standards/marcxml/schema/MARC21slim.xsd">
<leader>00925njm 22002777a 4500</leader>
<datafield tag="042" ind1=" " ind2=" ">
<subfield code="a">dc</subfield>
</datafield>
<datafield tag="720" ind1=" " ind2=" ">
<subfield code="a">Manzano Martín, María Isabel</subfield>
<subfield code="e">author</subfield>
</datafield>
<datafield tag="260" ind1=" " ind2=" ">
<subfield code="c">2013</subfield>
</datafield>
<datafield tag="520" ind1=" " ind2=" ">
<subfield code="a">Esta investigación se centra en el sector de distribución de alimentación que se enmarca dentro del sector servicios, por ser una de las disciplinas económica más eficiente y de mayor importancia en la economía de nuestro país. Ahora bien, hoy en día las empresas se ven obligadas a ajustar al máximo sus márgenes y este hecho puede llegar a comprometer los resultados.&#xd;
Para evitar el fracaso de estas empresas cada una de ellas debe planificar sus propias estrategias y ordenarlas dentro de un Plan global de empresa, que le haga más fácil desarrollar sus funciones y el cumplir con sus objetivos. Para llevar a cabo esta tarea nos servimos de los recursos y herramientas que proporcionan los modelos de planificación.&#xd;
Y aquí surge la idea de aplicar distintos indicadores de medida que quedarán recogidos en un Cuadro de Mando Integral, que nos va a permitir cualquier resultado de estas empresas.</subfield>
</datafield>
<datafield tag="024" ind2=" " ind1="8">
<subfield code="a">http://uvadoc.uva.es/handle/10324/4155</subfield>
</datafield>
<datafield tag="024" ind2=" " ind1="8">
<subfield code="a">b1664418</subfield>
</datafield>
<datafield tag="024" ind2=" " ind1="8">
<subfield code="a">10.35376/10324/4155</subfield>
</datafield>
<datafield ind1=" " ind2=" " tag="653">
<subfield code="a">Planificación estratégica</subfield>
</datafield>
<datafield ind1=" " ind2=" " tag="653">
<subfield code="a">Gestión de empresas</subfield>
</datafield>
<datafield ind1=" " ind2=" " tag="653">
<subfield code="a">Empresas-Finanzas</subfield>
</datafield>
<datafield ind1=" " ind2=" " tag="653">
<subfield code="a">Empresas-Calidad-Control</subfield>
</datafield>
<datafield tag="245" ind1="0" ind2="0">
<subfield code="a">La optimización del control de gestión en las grandes superficies de alimentación con el cuadro de mando integral</subfield>
</datafield>
</record></metadata></record></GetRecord></OAI-PMH>